| 000 -CABECERA |
| Longitud fija campo de control |
00525nam a2200193 a 4500 |
| 001 - NÚMERO DE CONTROL |
| Número de control |
1448 |
| 003 - IDENTIFICADOR DEL NÚMERO DE CONTROL |
| Identificador del número de control |
CDMR |
| 005 - FECHA Y HORA DE LA ÚLTIMA TRANSACCIÓN |
| Fecha y hora de la última transacción |
20151026104202.0 |
| 008 - CÓDIGOS DE INFORMACIÓN DE LONGITUD FIJA |
| Códigos de información de longitud fija |
130130s1997||||||||||||||||||||||||||||d |
| 020 ## - NÚMERO INTERNACIONAL NORMALIZADO PARA LIBROS |
| Número Internacional Normalizado para Libros (ISBN) |
8423987825 |
| 040 ## - FUENTE DE LA CATALOGACIÓN |
| Centro catalogador de origen |
CDMR |
| Lengua de catalogación |
cat |
| Centro transcriptor |
CDMR |
| 100 1# - PUNTO DE ACCESO PRINCIPAL-NOMBRE DE PERSONA |
| Nombre de persona |
Olmos, Víctor |
| 9 (RLIN) |
1101 |
| 245 10 - MENCIÓN DE TÍTULO |
| Título |
Historia de la Agencia EFE |
| Resto del título |
: el mundo en español |
| Mención de responsabilidad, etc. |
Víctor Olmos |
| 260 ## - PUBLICACIÓN, DISTRIBUCIÓN, ETC. (PIE DE IMPRENTA) |
| Lugar de publicación, distribución, etc. |
Madrid |
| Fecha de publicación, distribución, etc. |
1997 |
| Nombre del editor, distribuidor, etc. |
Espasa Calpe |
| 300 ## - DESCRIPCIÓN FÍSICA |
| Extensión |
747 p. |
| Otras características físicas |
il. b/n |
| 610 2# - PUNTO DE ACCESO ADICIONAL DE MATERIA - NOMBRE DE ENTIDAD CORPORATIVA |
| 9 (RLIN) |
624 |
| Nombre de entidad corporativa o nombre de jurisdicción como elemento inicial |
Agencia EFE |
| 650 04 - PUNTO DE ACCESO ADICIONAL DE MATERIA - TÉRMINO DE MATERIA |
| 9 (RLIN) |
1890 |
| Término de materia o nombre geográfico como elemento inicial |
Agències de notícies |
| 942 ## - ENTRADA DE ELEMENTOS AGREGADOS (KOHA) |
| Koha [por defecto] tipo de item |
Monografies |
| Fuente de clasificaión o esquema |
|